1715 1063 1431 1912 1893 1544 1061 1239 1493 1219 1165 1031 1279 1041 1223 1551 1344 1259 1714 1791 1687 1317 1063 1421 1456 1188 1895 1815 1654 1993 1231 1816 1158 1351 1247 1478 1476 1683 1352 1095 1744 1429 1505 1813 1100 1035 1350 1908 1927 1380 1399 1107 1654 1415 1894 1814 1794 1277 1486 1457 1897 1919 1344 1755 1084 1445 1994 1358 1342 1652 1283 1875 1708 1376 1242 1781 1326 1384 1526 1942 1273 1093 1939 1913 1225 1517 1029 1587 1543 1932 1797 1923 1413 1794 1445 1550 1122 1985 1095 BCNSPRNW ULIB Ver.6.0+V

เปลี่ยนเป็นภาษาไทย

Change to English
 แสดงรายละเอียดบรรณานุกรม
  กลับหน้าหลัก

Brief Record : Get Marc (ISO 2709) : E-mail record : QR code < ปิดหน้าต่าง
LEADER : 00000nam 2200000uu 4500
001    13399123151
003     ULIB
008    140403s2555||||th 000 0 tha d
020    9743155937
024    9789743155932
060  4 WB541^bห338ฝ
100 0  หลี่ หงจื้อ
245 00 ฝ่าหลุนฝอฝ่า วิธีสู่ความสำเร็จสมบูรณ์^cหลี่ หงจื้อ
260    กรุงเทพฯ:^bประสุขชัยการพิมพ์,^c2555
300    83 หน้า:^bภาพประกอบ,^c27 cm
650  7 กายบริหาร
650  7 การเคลื่อนไหวร่างกาย
650  0 พลังกง
945    ^p70^l0^i034413
999    ^aเกษร โพธิ์สุวรรณ
รายการนี้ยังไม่มีแท็ก
คุณยังไม่ได้ล็อกอิน คุณสามารถมีกิจกรรมร่วมกับเว็บไซต์ได้ แต่ต้องล็อกอินก่อน ::
  ล็อกอิน

รายการสื่อสารสนเทศ

ลำดับที่ ประเภท เลขเรียก/บาร์โค้ด สถานที่ สถานะ
1. การศึกษาทั่วไป
หนังสือสำรอง
สถานะ=หนังสือสำรอง
WB541 ห338ฝ ฉ.1 
  Barcode: 034413
ห้องสมุดวิทยาเขตสวรรค์ประชารักษ์
►ส่วนจัดเก็บหนังสือเก่า สปร
บนชั้น
  ขอยืม

รายการใกล้เคียง
    หัวเรื่อง [กายบริหาร]

BibComment


ยังไม่เคยถูกคอมเมนท์

คอมเมนท์ทรัพยากรรายการนี้
  คอมเมนท์: ฝ่าหลุนฝอฝ่า วิธี..


 Copyright 2026. Bcnsprnw @Library